000 00803nac a22001811u 4500
020 _a1856691039
082 _a 720.47
_bJ762
090 _c3115
_d3115
100 _aJones, David Lloyd
245 _aArchitecture and the environment :
_b bioclimatic building design /
_c David Lloyd Jones ; co-ordinating researcher Jennifer Hudson.
260 _aLondon :
_b Laurence King, 1998.
300 _a256p. :
_b ill. (some col.), plans ;
_c29cm.
504 _aIncludes bibliography: p252-253 and index.
650 _aArchitecture
_x Environmental aspects.
650 _aArchitecture, Modern
_y 20th century.
942 _cBB
_k 720.47 J762
999 _c3115
_d3115